Missing 'B' Acronyms Quiz Stats

 Plays Quiz Updated Oct 4, 2018

Challenge
Share
Tweet
Embed
Score 0/30 Timer 04:00
3 Plays Today
% Correct
Be
96.3%
Baseball
96%
Bacon
96%
Butter
95.9%
Before
95.7%
Bureau
95.6%
Back
95.6%
Been
94.9%
Breathing
94.9%
Bachelor
94.2%
Boy
94.1%
British
93.8%
Beer
93.4%
Blue
92.3%
Broadcasting
90.4%
% Correct
Beyond
89.4%
Ballistic
88.7%
Bits
88.5%
Better
74.8%
Business
73.7%
Banking
72.6%
Bayerische
71.8%
Badische
66.7%
Basal
61.1%
Base
59%
Budget
56.9%
Book
54.4%
Bus
42.9%
Box
42.8%
Boot
26.2%

You're not logged in!

Compare scores with friends on all Sporcle quizzes.
OR
Log In

You Might Also Like...

Show Comments

Extras

Top Quizzes Today


Score Distribution

Your Account Isn't Verified!

In order to create a playlist on Sporcle, you need to verify the email address you used during registration. Go to your Sporcle Settings to finish the process.

Report this User

Report this user for behavior that violates our Community Guidelines.

Details: